000 00789nam a2200205Ii 4500
003 JO-AjNU
008 230605s9999||||xx |||||||||||||| ||und||
017 _a1981/1064
040 _aJO-AjNU
_bara
_erda
_cJO-AjNU
041 _aara
050 1 4 _aHB885.A77.1981
100 3 _aتأليف: آثر،نورما ماك ؛ تعريب عبدالحليم محمد سعيد القيسي,
_eauthor
_916101
245 0 0 _aمدخل في الاحصاءات السكانية
264 3 1 _aبغداد:وزارة التعليم العالي والبحث العلمي ،1981
300 _a226ص
_bيحتوي على ملحق من ص 222-226ص
336 _atext
_btxt
_2rdacontent
337 _aunmediated
_bn
_2rdamedia
338 _avolume
_bnc
_2rdacarrier
650 4 _aالسكان-احصاءات
_916102
999 _aA4697
_c8265
_d8265